| 000 | 00623nam a22002057a 4500 | ||
|---|---|---|---|
| 005 | 20251108164238.0 | ||
| 008 | 250721s1985 xx 000 0 ara d | ||
| 082 | 1 | 4 | _a621.32/طلا |
| 100 | 1 | _aطبال، طلال | |
| 245 | 1 | 0 |
_aالإنارة العامة : _bإنارة الشوراع / |
| 264 | 1 |
_aدمشق : _bدار الفكر للطباعة، _c1985. |
|
| 300 | _a208ص | ||
| 490 | 0 | _aالشبكات العلمية ؛1 | |
| 650 | 1 | 7 | _aالهندسة الكهربائية |
| 650 | 1 | 7 | _aالإضاءة |
| 700 | 1 | _aفلوح، عميد | |
| 700 | 1 | _aحمدان، خالد | |
| 942 |
_2ddc _cBK |
||
| 999 |
_c7346 _d7346 |
||